| 000 | 00451nam a22001697a 4500 | ||
|---|---|---|---|
| 005 | 20250404112925.0 | ||
| 008 | 250404b |||||||| |||| 00| 0 eng d | ||
| 020 | _a9781788214780 | ||
| 041 | _aeng | ||
| 082 | _a378.101 CHA | ||
| 100 | _aChatterton, Paul | ||
| 245 | _aHow to Save the City: A Guide for Emergency Action | ||
| 260 |
_aUK _bAgenda Publishing _c2023 |
||
| 300 | _a215;. pages: 21 cm | ||
| 650 | _aEmergency Management | ||
| 942 | _cBK | ||
| 999 |
_c43547 _d43547 |
||